01144nam a2200253 a 450000100100000000500170001000800410002702000180006804000250008608200210011110000420013224500640017426000360023830000280027450000700030259000260037265000280039865000310042691000370045795201350049495201190062995201250074899900170087300004409120240412074303.0140515s2014 dr a 000 p spa d a9789945166132 aDO-SdBNPbspacBNPHU aRD861.44bH557co1 aHernández Leonardo, Dionicio96548310aColgado de un pensamiento /cDionicio Hernández Leonardo. aSanto Domingo :bBúho,c2014. a100 p. :bil. ;c24 cm. aIncluye datos biográficos del autor en la solapa de la cubierta aInventariado, 2018/LP 0aPoesía dominicana966 0aLiteratura dominicana.967 aValidado. Control de calidad MFF 001054708DSaGRbGRcHDd2014-05-15iLF1l0oRD861.44 H557cop44091-30r2020-06-25te. 3w2020-06-25yLFDSZPréstamo en sala 0010718PDaPDbPDcHDd2014-05-15iLF1l0oRD861.44 H557cop44091-10r2020-06-25w2020-06-25yLFPDZNo se presta 0010718PDaPDbPDcHDd2014-05-15iLF1l0oRD861.44 H557cop44091-20r2020-06-25te. 2w2020-06-25yLFPDZNo se presta c43580d43580